| 000 | 00394nam a2200145Ia 4500 | ||
|---|---|---|---|
| 008 | 210716s1989 xx 000 0 und d | ||
| 041 | _aeng | ||
| 082 | _a005.133 HOLF | ||
| 100 | _aHoltz, Frederick. | ||
| 245 | _aTurbo c programmers resource book. | ||
| 250 | _a1 | ||
| 260 |
_aNew Delhi _bGalgotia Publications Pvt Ltd _c1989 |
||
| 300 | _aix,245 | ||
| 650 | _aProgramming Languages(005.13) | ||
| 999 |
_c181204 _d181204 |
||